000 00687nam a2200289Ia 4500
005 20260324150519.0
008 008 260324s9999 xx 000 0 eng d
020 _a9781003482192
037 _aEBOOK
040 _aCRL
040 _beng
040 _cCRL
041 _2eng
041 _aeng
084 _qCRL
100 _aW. Beare
_91226685
245 4 _aThe Roman Stage
245 2 _bA Short History of Latin Drama in the Time of the Republic
260 _bTaylor and Francis
260 _c1964
365 _a
365 _b195
856 _uhttp://www.taylorfrancis.com/books/9781003482192
942 _cEBOOK
999 _c1836257
_d1836257